000 00445pab a2200169 454500
008 180718b2004 xxu||||| |||| 00| 0 eng d
100 _aVerma, A.K.
245 _aBy-elections or referendum
260 _c2004
300 _ap.4691-693.
362 _a23 Oct
650 _aReferendum - India - Uttar Pradesh
650 _aElections - India - Uttar Pradesh
650 _aElections
773 _aEconomic and Political Weekly
909 _a62962
999 _c62962
_d62962